| 000 | 01202cam a22002054a 4500 | ||
|---|---|---|---|
| 005 | 20250605164214.0 | ||
| 008 | 250528s ||||||||||||||||||||||||d | ||
| 035 | _a20405 | ||
| 020 | _a415029996 | ||
| 040 |
_aGR-AtMCL _bgre _dGR-AtMCL _eAACR2 |
||
| 245 | 1 | _aPrinciples of Literary Critisism | |
| 260 |
_bRouledge, _c1989 |
||
| 300 | _a246 | ||
| 505 | 0 | _aThe Chaos of Critical Theories, The Language of Critisism, Value as an Ultimate Idea, Art and Morals, A Sketch for a Psychology, Emotion and the Coenesthesia, The Analysis of a Poem, On Looking at a Picture, A Theory of Communication, The Normality of the Artist, Judgement and Divergent Readings, Permanence as a Criterion, The Imagination, Poetry and Beliefs, Index. | |
| 520 | _aThe Chaos of Critical Theories, The Language of Critisism, Value as an Ultimate Idea, Art and Morals, A Sketch for a Psychology, Emotion and the Coenesthesia, The Analysis of a Poem, On Looking at a Picture, A Theory of Communication, The Normality of the Artist, Judgement and Divergent Readings, Permanence as a Criterion, The Imagination, Poetry and Beliefs, Index. | ||
| 700 | 1 |
_aRichards I.A _96386 |
|
| 942 | _cBK | ||
| 999 |
_c5514 _d5514 |
||